000 nam a22 7a 4500
999 _c47075
_d47075
003 OSt
005 20190502140555.0
008 190502b xxu||||| |||| 00| 0 eng d
040 _cIIMT COLLEGE OF LAW,GREATER NOIDA
100 _aKANT,ANJANI
245 _aBANKING LAW
260 _aNEW DELHI
_bC.L.A.
_c2016
300 _a443
942 _2ddc
_c02